UM Logo

Residents assessment on sewage system in Digos City/ (Record no. 2179)

MARC details
000 -LEADER
fixed length control field 00624nam a22001697a 4500
008 - FIXED-LENGTH DATA ELEMENTS--GENERAL INFORMATION
fixed length control field 160430b xxu||||| |||| 00| 0 eng d
082 ## - DEWEY DECIMAL CLASSIFICATION NUMBER
Edition number 2008
Classification number UT 0107
Item number Al11
100 ## - MAIN ENTRY--PERSONAL NAME
9 (RLIN) 7103
Personal name Alagano, Kristine Marie.
245 ## - TITLE STATEMENT
Title Residents assessment on sewage system in Digos City/
Statement of responsibility, etc. Kristine Marie Alagano, Sheila Mae Alberca, Sheena Borinaga and Rizalyn Solmeron.
260 ## - PUBLICATION, DISTRIBUTION, ETC. (IMPRINT)
Place of publication, distribution, etc. Digos City:
Name of publisher, distributor, etc. UMDC
Date of publication, distribution, etc. August 2008.
300 ## - PHYSICAL DESCRIPTION
Extent 43 pages;
Dimensions 28 cm.
650 #0 - SUBJECT ADDED ENTRY--TOPICAL TERM
9 (RLIN) 7106
Topical term or geographic name as entry element Nursing
General subdivision Undergraduate thesis.
700 ## - ADDED ENTRY--PERSONAL NAME
9 (RLIN) 7108
Personal name Alberca, Sheila Mae.
700 ## - ADDED ENTRY--PERSONAL NAME
9 (RLIN) 7110
Personal name Borinaga, Sheena.
700 ## - ADDED ENTRY--PERSONAL NAME
9 (RLIN) 7112
Personal name Solmeron, Rizalyn.
942 ## - ADDED ENTRY ELEMENTS (KOHA)
Source of classification or shelving scheme Dewey Decimal Classification
Koha item type Undergraduate Thesis
Holdings
Withdrawn status Lost status Source of classification or shelving scheme Damaged status Not for loan Collection code Home library Current library Date acquired Total Checkouts Full call number Barcode Date last seen Price effective from Koha item type
    Dewey Decimal Classification     Undergraduate Theses UM Digos College - LIC UM Digos College - LIC 04/30/2016   UT 0107 Al11 2008 UT0107 04/30/2016 04/30/2016 Undergraduate Thesis